01033pam a2200277 a 45000010008000000030006000080050017000140080041000310100017000720200015000890400018001040420009001220500024001310820020001551000018001752450029001932600060002223000021002824900075003035200177003786500022005556500022005776500029005996510052006288000075006801670758GBCCL20241126110704.0980514s1998 mnu c 000 1 eng  a 98025554  a1561796395 aDLCcDLCdDLC alcac00aPZ7.R88515bEs 199800a813.54221bRUE1 aRue, Nancy N.14aThe escape /cNancy Rue. aMinneapolis, Minn. :bBethany House Publishers,cc1998. a181 p. ;c19 cm.1 aThe Christian heritage series, the Charleston years ;vbk. 6 [i.e.] 18 aAs fighting erupts between the North and the South, eleven-year-old Austin helps his slave friend gain freedom before making his own escape from Charleston, South Carolina. 1aEscapesxFiction. 1aSlaveryxFiction. 1aChristian lifexFiction. 1aCharleston (S.C.)xHistoryy1775-1865xFiction.1 aRue, Nancy N.tChristian heritage series.pCharleston years ;vbk. 18.